logo

Bir Sreshtho Munshi Abdur Rouf Library
Jhenaidah Cadet College

Athletic injuries : (Record no. 6615)

MARC details
000 -LEADER
fixed length control field 00702cam a2200253 a 4500
001 - CONTROL NUMBER
JCCL Control Number 6615
003 - CONTROL NUMBER IDENTIFIER
JCCL marc code BD-JhCC
005 - DATE AND TIME OF LATEST TRANSACTION
control field 20180127130617.0
008 - FIXED-LENGTH DATA ELEMENTS--GENERAL INFORMATION
fixed length control field 091006s1942 paua 00010 eng d
035 ## - SYSTEM CONTROL NUMBER
system control number (BD-JhCC)
035 ## - SYSTEM CONTROL NUMBER
system control number 71587
040 ## - CATALOGING SOURCE
Original cataloging agency AAIS
Transcribing agency AAIS
Modifying agency BD-JhCC
041 ## - LANGUAGE CODE
Language code of Book eng
050 00 - LIBRARY OF CONGRESS CALL NUMBER
Classification number RC1210
082 ## - DEWEY DECIMAL CLASSIFICATION NUMBER
Classification number 617.1
Author mark and Year THO 1942
100 1# - MAIN ENTRY--PERSONAL NAME
Personal name Thorndike, Augustus,
Dates associated with a name 1896-.
245 10 - TITLE STATEMENT
Title Athletic injuries :
Remainder of title prevention, diagnosis and treatment /
Statement of responsibility, etc by Augustus Thorndike.
250 ## - EDITION STATEMENT
Edition statement 2nd ed., thoroughly rev.
260 ## - PUBLICATION, DISTRIBUTION, ETC. (IMPRINT)
Place of publication, distribution, etc Philadelphia :
Name of publisher, distributor, etc Lea & Febiger,
Date of publication, distribution, etc 1942.
300 ## - PHYSICAL DESCRIPTION
Pagination 216 p. :
Other physical details ill. ;
Dimensions 21 cm.
650 #0 - SUBJECT ADDED ENTRY--TOPICAL TERM
Topical term or geographic name as entry element Sports
General subdivision Accidents and injuries.
942 ## - ADDED ENTRY ELEMENTS (KOHA)
Source of classification or shelving scheme Dewey Decimal Classification
Koha item type Books
Holdings
Source of classification or shelving scheme Damaged status Not for loan Home library Current library Shelving location Total Checkouts Full call number Barcode Date last seen Copy number Koha item type
Dewey Decimal Classification     JCC Rouf Library JCC Rouf Library General Stacks   617.1 THO 1942 9071 01/27/2018 C - 1 Books

JCC Library | Contacts | JCC Home

Last Update on 23 September 2017
Copyright @ 2017-2020 JCC Rouf Library
Rouf Library, Jhenidah Cadet College (JCC), Bangladesh